| 000 | 00670nam a2200217Ii 4500 | ||
|---|---|---|---|
| 003 | JO-AjNU | ||
| 008 | 230606s9999||||xx |||||||||||||| ||und|| | ||
| 020 | _a0-415-33665 | ||
| 040 |
_aJO-AjNU _beng _erda _cJO-AjNU |
||
| 041 | _aeng | ||
| 050 | 1 | 4 | _aLC1201 2005 |
| 100 | 3 |
_aKith,محرر/Maloney,sheelagh محرر, _eauthor _988 |
|
| 245 | 0 | 4 | _aThe Routledge Falmer Reader in Inclusive Education |
| 250 | _a1 ed | ||
| 264 | 3 | 1 | _aNew York:Routledge,2005 |
| 300 | _a263P | ||
| 336 |
_atext _btxt _2rdacontent |
||
| 337 |
_aunmediated _bn _2rdamedia |
||
| 338 |
_avolume _bnc _2rdacarrier |
||
| 650 | 4 |
_aschool problems and challenges-managing systemic change in school _989 |
|
| 999 |
_aE48 _c48 _d48 |
||